| 000 | 00949nam a2200229Ia 4500 | ||
|---|---|---|---|
| 001 | 11420 | ||
| 003 | GE_BSU | ||
| 008 | 181216s||||||||xx |||||||||||||| ||und|| | ||
| 040 | _cGE_BSU | ||
| 080 | _a636(075.32) | ||
| 100 | _aტომე,მ.ფ; ე.ა.ნოვიკოვი. | ||
| 245 | _aზოგადი ზოოტექნიკა. | ||
| 245 | _bსახელმძღვ.ზოოტექნიკური ტექნიკუმებისათვის. | ||
| 245 | _cრედ:გ.აგლაძე; თარგმ.მე-2 გადამუშ. და შევსებ. გამოცემიდან ა.დავითაშვილისა. | ||
| 260 | _aთბილისი. | ||
| 260 | _bცოდნა. | ||
| 260 | _c1961. | ||
| 300 | _a642გვ;22სმ. | ||
| 300 | _eდანართები:გვ:630-634. | ||
| 653 | _aზოგადი ზოოტექნიკა. | ||
| 942 | _cBK | ||
| 999 |
_c44617 _d44617 |
||